UM Logo

Leveraging service learning in PETE programs : (Record no. 22318)

MARC details
000 -LEADER
fixed length control field 00900nam a22002057a 4500
003 - CONTROL NUMBER IDENTIFIER
control field OSt
005 - DATE AND TIME OF LATEST TRANSACTION
control field 20250819145342.0
008 - FIXED-LENGTH DATA ELEMENTS--GENERAL INFORMATION
fixed length control field 241007b |||||||| |||| 00| 0 eng d
040 ## - CATALOGING SOURCE
Transcribing agency 0
082 ## - DEWEY DECIMAL CLASSIFICATION NUMBER
Classification number DPer 613.705 J826 January-December 2020 v. 91 n. 1-9
100 ## - MAIN ENTRY--PERSONAL NAME
Personal name Drewson, Staci R.
Relator term author.
9 (RLIN) 62475
245 ## - TITLE STATEMENT
Title Leveraging service learning in PETE programs :
Remainder of title training preservice teachers on the afterschool component of CSPAP /
Statement of responsibility, etc. Staci R. Drewson and Jeremy Lackman.
260 ## - PUBLICATION, DISTRIBUTION, ETC. (IMPRINT)
Place of publication, distribution, etc. Virginia ;
Name of publisher, distributor, etc. American Alliance for Health ,
Date of publication, distribution, etc. March 2020.
300 ## - PHYSICAL DESCRIPTION
Extent Volume 91, pages 17-25 :
Other physical details illustration ;
Dimensions 28 cm.
500 ## - GENERAL NOTE
General note The Journal of Physical Education Recreation & Dance, vol. 91, no. 3, pages 17-25, March 2020.
650 #0 - SUBJECT ADDED ENTRY--TOPICAL TERM
Topical term or geographic name as entry element Physical education and training. Sports.
9 (RLIN) 38320
700 ## - ADDED ENTRY--PERSONAL NAME
Personal name Drewson, Staci R.
Relator term author.
9 (RLIN) 62475
700 ## - ADDED ENTRY--PERSONAL NAME
Personal name Lackman, Jeremy.
Relator term author.
9 (RLIN) 66937
942 ## - ADDED ENTRY ELEMENTS (KOHA)
Source of classification or shelving scheme Dewey Decimal Classification
Koha item type Periodicals
Holdings
Withdrawn status Lost status Source of classification or shelving scheme Damaged status Not for loan Collection code Home library Current library Date acquired Total Checkouts Full call number Date last seen Price effective from Koha item type Public note
    Dewey Decimal Classification     Periodicals UM Digos College - LIC UM Digos College - LIC 10/07/2024   DPer 613.705 J826 January-December 2020 v. 91 n. 1-9 10/07/2024 10/07/2024 Periodicals Periodical Article